<?xml version="1.0" encoding="UTF-8"?>
<collection xmlns="http://www.loc.gov/MARC21/slim">
 <record>
  <leader>00463pamaa2200157   4500</leader>
  <controlfield tag="001">0000034156</controlfield>
  <controlfield tag="005">20130814090000.0</controlfield>
  <datafield tag="020" ind1="0" ind2="0">
   <subfield code="a">030312981 </subfield>
  </datafield>
  <datafield tag="082" ind1=" " ind2=" ">
   <subfield code="a">332.6 MAY 2001</subfield>
  </datafield>
  <datafield tag="090" ind1="0" ind2="0">
   <subfield code="a">HG4521 </subfield>
   <subfield code="b">MAY 2001</subfield>
  </datafield>
  <datafield tag="100" ind1="1" ind2="0">
   <subfield code="a">Mayo </subfield>
  </datafield>
  <datafield tag="245" ind1="1" ind2="0">
   <subfield code="a">Financial institutions, investments and management : </subfield>
   <subfield code="b">an introduction  </subfield>
   <subfield code="c">Herbert B.Mayo.</subfield>
  </datafield>
  <datafield tag="250" ind1="0" ind2="0">
   <subfield code="a">7th ed.</subfield>
  </datafield>
  <datafield tag="260" ind1="0" ind2="0">
   <subfield code="a">Forth Worth: </subfield>
   <subfield code="b">Harcourt College Publishers, </subfield>
   <subfield code="c">2001.</subfield>
  </datafield>
  <datafield tag="300" ind1=" " ind2=" ">
   <subfield code="a">xxii, 706p.: </subfield>
   <subfield code="b">ill.; </subfield>
   <subfield code="c">23cm.</subfield>
  </datafield>
  <datafield tag="650" ind1="0" ind2="0">
   <subfield code="a">Investment </subfield>
  </datafield>
 </record>
</collection>
